000 004200000a22001690004500
003 MACL
005 20151227154327.0
008 151227b xxu||||| |||| 00| 0 eng d
040 _aMACL
_cMACL
041 _aEnglish
082 _a030/ROU
100 _aRoutledge's
_923462
245 _aUniversal Encyclopaedia
260 _bGeorge Routledge & Sons
_c1934
650 _aEncyclopaedia
_923463
942 _cBK
_k030/Rou
_2ddc
999 _c36541
_d36541